First 10 of Allsorts - 1 - Statistics

General Stats
  • This quiz has been taken 52 times
    40 since last reset
  • The average score is 41 of 60
Answer Stats
Country % Correct
Alpha
97%
Beta
97%
Canada
97%
Hydrogen
97%
Ireland
97%
Russia
97%
UK
97%
United States
97%
Brazil
93%
China
93%
Delta
93%
Gamma
93%
George Washington
93%
Helium
93%
Iceland
93%
Oxygen
93%
Australia
90%
India
90%
Madagascar
90%
Carbon
86%
Epsilon
86%
John Adams
86%
John Q. Adams
86%
Seychelles
86%
Argentina
83%
Lithium
83%
Malta
83%
Nitrogen
83%
Thomas Jefferson
83%
Comoros
76%
Mauritius
76%
Nero
76%
Algeria
72%
Augustus
72%
Neon
72%
Kazakhstan
69%
Beryllium
66%
Cape Verde
66%
Sao Tome
66%
Boron
62%
Fluorine
62%
Kappa
59%
Caligula
55%
Theta
55%
Andrew Jackson
52%
Iota
52%
James Madison
52%
Martin Van Buren
45%
Eta
41%
Zeta
41%
James Monroe
38%
Claudius
34%
Tiberius
34%
John Tyler
31%
William Harrison
28%
Vespasian
14%
Galba
10%
Titus
10%
Otho
7%
Vitellius
7%
No matching quizzes found
Score Distribution
Percent of People with Each Score
Percentile by Number Answered
Your Score History
You have not taken this quiz since the last reset